|
|
|
|
| LEADER |
00000nam a2200000 a 4500 |
| 001 |
vtls010335239 |
| 003 |
SK-MaSNL |
| 005 |
20260505142159.0 |
| 008 |
120117s2011 lu a f 000 0 eng |
| 020 |
|
|
|a 9789291684908 (brož.)
|
| 040 |
|
|
|a SNK
|b slo
|c SNK
|e AACR2
|
| 041 |
0 |
|
|a eng
|
| 044 |
|
|
|a lu
|c LU
|
| 072 |
|
7 |
|a 364
|x Sociálne problémy vyžadujúce podporu a pomoc. Sociálne zabezpečenie
|2 konspekt
|
| 080 |
|
|
|a 613.8
|2 2001
|
| 080 |
|
|
|a 178
|2 2001
|
| 080 |
|
|
|a 351
|2 2001
|
| 080 |
|
|
|a 364.6
|2 2001
|
| 080 |
|
|
|a 615.01
|2 2001
|
| 080 |
|
|
|a (4)
|2 2001
|
| 080 |
|
|
|a (047)
|2 2001
|
| 245 |
0 |
0 |
|a Selected issue 2011
|b guidelines for the treatment of drug dependence: a European perspective
|
| 246 |
3 |
0 |
|a Guidelines for the treatment of drug dependence: a European perspective
|
| 260 |
|
|
|a Luxembourg
|b Publications Office of the European Union
|c 2011
|
| 300 |
|
|
|a 23 s.
|b tab.
|c 30 cm
|
| 490 |
1 |
|
|a European Monitoring Centre for Drugs and Drug Addiction
|x 1830-7957
|v 2011
|
| 610 |
2 |
7 |
|a Európske monitorovacie centrum pre drogy a drogovú závislosť
|2 SNKKA
|9 266451
|
| 650 |
0 |
7 |
|a užívanie drog
|2 SNKPH
|9 29058
|
| 650 |
0 |
7 |
|a boj proti drogám
|2 SNKPH
|9 13915
|
| 650 |
0 |
7 |
|a drogovo závislí
|2 SNKPH
|9 71375
|
| 650 |
0 |
7 |
|a drogová závislosť
|2 SNKPH
|9 1551
|
| 650 |
0 |
7 |
|a Drug abuse
|2 SNKPHeng
|9 274766
|
| 650 |
0 |
7 |
|a Drug and narcotic control
|2 SNKPHeng
|9 266452
|
| 650 |
0 |
7 |
|a Drug addicts
|2 SNKPHeng
|9 327995
|
| 650 |
0 |
7 |
|a Drug dependence
|2 SNKPHeng
|9 266453
|
| 651 |
|
7 |
|a Európa
|2 SNKPH
|9 167569
|
| 651 |
|
7 |
|a Europe
|2 SNKPHeng
|9 56249
|
| 655 |
|
7 |
|a správy
|2 SNKPH
|9 70563
|
| 655 |
|
7 |
|a Reports
|2 SNKPHeng
|9 265694
|
| 919 |
|
|
|a 978-92-9168-490-8
|
| 999 |
|
|
|c 836719
|d 838649
|
| 952 |
|
|
|a SNK
|b SNK
|y VYP
|7 0
|p 17A0834913
|o snkOIB 2823
|i snk2012/1179
|8 1
|0 0
|1 0
|4 0
|d 2012-01-17
|l 0
|r 2026-02-24 03:57:13
|w 2026-02-24
|